ბათუმის შოთა რუსთაველის სახელმწიფო უნივერსიტეტის ბიბლიოთეკა

Автоморфные функции и теория представлений. (ბიბ.ჩანაწერი № 38819)

000 -LEADER
fixed length control field 00733nam a2200217Ia 4500
001 - CONTROL NUMBER
control field 5218
003 - CONTROL NUMBER IDENTIFIER
control field GE_BSU
008 - FIXED-LENGTH DATA ELEMENTS--GENERAL INFORMATION
fixed length control field 181216s||||||||xx |||||||||||||| ||und||
040 ## - CATALOGING SOURCE
Transcribing agency GE_BSU
080 ## - UNIVERSAL DECIMAL CLASSIFICATION NUMBER
Universal Decimal Classification number 512.54
100 ## - MAIN ENTRY--PERSONAL NAME
Personal name Гельфанд И.М. Граев М.И. Пятецкий-Шапиро И.И.
245 ## - TITLE STATEMENT
Title Автоморфные функции и теория представлений.
245 ## - TITLE STATEMENT
Remainder of title Обобщенные функции. вып. 6.
245 ## - TITLE STATEMENT
Statement of responsibility, etc. Гл. ред. физ.-мат. лит-ры.
260 ## - PUBLICATION, DISTRIBUTION, ETC.
Place of publication, distribution, etc. Москва
260 ## - PUBLICATION, DISTRIBUTION, ETC.
Name of publisher, distributor, etc. Наука
260 ## - PUBLICATION, DISTRIBUTION, ETC.
Date of publication, distribution, etc. 1966
300 ## - PHYSICAL DESCRIPTION
Extent 512 с. 21 см.
653 ## - INDEX TERM--UNCONTROLLED
Uncontrolled term Автоморфные функции и теория представлений.
942 ## - ADDED ENTRY ELEMENTS (KOHA)
Koha item type წიგნი

არაა ხელმისაწვდომი ეგზემპლარები.